000 00321nam a2200109 4500
999 _c9766
_d9766
008 180717b ||||| |||| 00| 0 eng d
245 _aTax professionals push fiscal reforms in election debates.
260 _aPhilippines
_bThe Philippine Star
_cc2016
300 _apage B-4.
650 0 _928962
_aTaxation.
942 _2ddc
_cPER